| 000 | 00521nam a2200193Ia 4500 | ||
|---|---|---|---|
| 003 | OSt | ||
| 005 | 20250210150911.0 | ||
| 008 | 210210b1986 xxu||||| |||| 00| 0 eng d | ||
| 040 | _cAL | ||
| 041 | _aKannada | ||
| 082 | _aK894.7 BICA | ||
| 100 |
_aBICHI. _9131423 _dಬೀಚಿ |
||
| 245 |
_aAru elu Stri Saukhya. _bಅರು ಏಳು ಸ್ತ್ರೀ ಸೌಖ್ಯ |
||
| 260 |
_aDharavada _bSamaja Pustakalaya _c1986 |
||
| 300 | _a144 | ||
| 690 |
_aKannada Humour _9131424 |
||
| 906 | _a038752 | ||
| 942 |
_2ddc _cBK |
||
| 999 |
_c89069 _d89069 |
||